000 01058nam1a22002651i 4500
001 v19\rc\1866391
005 20260407000732.0
035 _a(NLR Aleph) 005262268
090 _a5913877
_c5913877
100 _a20080221d1910 |||y0rusy50 ca
101 0 _arus
102 _aRU
105 _a z |||||
200 1 _aСборник военно-исторических материалов Лейб-гвардии Кексгольмского императора австрийского полка
_eТ. I-III
_fБ. Адамович
210 _aСанкт-Петербург
_cвоен. тип.
_d1910
215 _a3 т.
_d27
700 1 _aАдамович
_bБ.В.
_f1870-1936
_gБорис Викторович
712 0 2 _aКексгольмский лейб-гвардии полк
_3RU\NLR\AUTH\889990849
_9477510
801 0 _aRU
_bNLR
_c20080221
_gpsbo
801 0 _aRU
_bRuMoRGB
_c20080221
_2psbo
801 1 _aRU
_bProSoft-M
_c20080221
_2rusmarc
801 2 _aRU
_bNLR
_c20080925
_2rusmarc
852 _aNLR
_j132/3350
852 _aNLR
_j37.27.4.8
942 _cBOOK